000 00952nam a2200217Ia 4500
999 _c38320
_d38320
001 4330
003 GE_BSU
005 20191009103117.0
008 181216s1973||||ge |||||||||||||| ||geo||
040 _cGE_BSU
041 _ageo
080 _a821.353.1–91–1 ქ–27
245 _aქართული ხალხური პოეზია :
_bტ. 2. ნაკვ. 1. საგმირო ლექსები /
_cშეადგინა ქს. სიხარულიძემ.
264 _aთბ.:
_bმეცნიერება,
_c1974.
300 _a567 გვ. ;
_b22 სმ.
653 _aქართული ხალხური პოეზია
700 _aსიხარულიძე, .ქს.
_eშემდგენელი
_94637
700 _aჩიქოვანი, მ.
_eრედაქტორი
_94638
710 _aსაქ. სსრ მეცნ. აკადემია.
_94639
942 _cBK
_2udc